| 000 | 00525nam a22001817a 4500 | ||
|---|---|---|---|
| 999 |
_c190476 _d190476 |
||
| 005 | 20220726150417.0 | ||
| 010 | _aENG-133969 | ||
| 020 |
_a9788192557139 _c750.00 |
||
| 035 | _aEN-117501 | ||
| 037 | _bDBAD/PUB | ||
| 082 | _a641.01954 | ||
| 100 | _aSaxena, Anita | ||
| 245 |
_aMulti-Cuisines of India/ _cAnita Saxena |
||
| 260 |
_aAllahabad _bAnurag Publication _c2017 |
||
| 270 |
_bAllahabad _a116/70, Lukerganj _e211001 |
||
| 300 |
_a240p. _c21cm(hb) _bBibliography |
||
| 942 |
_2ddc _cEN _h641.01954 _mSAX |
||